00895nam a2200217 i 4500001000700000003000900007005001700016007000300033008004100036100004000077245009500117250001200212260004600224300004000270650007100310650006800381650006500449852002200514999001900536952012200555144735ES-MaACL20251003063130.0t|070214s1965 sp r ||||1| spa d1 aSkorzeny, Otto, d1908-1975910675610aVive peligrosamente / cOtto Skorzeny ; [versión... M.C. ; revisada por A.L. y J.A.Ll.]. a1ª ed. aBarcelona : bAcervo, c1965 (fG.A.S.A.) a386 p., [7] h. de lám. ; c20 cm. aGuerra mundial, 1939-1945-xServicios secretos-zAlemania.9163961 4aGuerra mundial, 1939-1945-vRelatos personales alemanes.913255 4aGuerra mundial, 1939-1945-xOperaciones de comandos.9163962 aES-MaACLjC-27844 c144735d144735 00104070aATENEOMbATENEOMcDEPO2d2008-01-17eSCl0oC-27844p1150924r2023-02-23 00:00:00w2023-02-23yMONOGRAFIA